| 000 | 00431nam a2200181Ia 4500 | ||
|---|---|---|---|
| 008 | 220216s9999 xx 000 0 und d | ||
| 100 | _aRivano F | ||
| 245 | 0 | _aRubber growing in gutemala | |
| 260 |
_bPlantations, Recherche, Developpement _c1996 |
||
| 300 | _a389-393 | ||
| 500 | _aSource Year: 1997 | ||
| 650 | _aGutemala | ||
| 650 | _aRubber | ||
| 700 | _aSanchez J | ||
| 700 | _aSoto S | ||
| 856 | _uAEDR | ||
| 942 | _cJS | ||
| 999 |
_c67635 _d67635 |
||